Phoneboy - Nevermind lyrics - Statistics

General Stats
  • This quiz has been taken 3 times
  • The average score is 229 of 282
Answer Stats
Answer % Correct
a
100%
A
100%
All
100%
all
100%
And
100%
and
100%
But
100%
but
100%
call
100%
cup
100%
delivered
100%
Don't
100%
Drunk
100%
fuck?"
100%
Hope
100%
I
100%
it's
100%
It's
100%
keep
100%
leave
100%
like
100%
like,
100%
me
100%
miss
100%
never
100%
Nevermind
100%
Nirvana
100%
no
100%
not
100%
Now
100%
on
100%
over
100%
pick
100%
read
100%
sent
100%
sober
100%
Solo
100%
text
100%
texts
100%
The
100%
the
100%
up
100%
want
100%
"What
100%
won't
100%
You
100%
you
100%
9-1-1
67%
broke
67%
coming
67%
CPR
67%
cycle
67%
dead
67%
decline
67%
Defibrillate
67%
dress,
67%
empty
67%
flaws
67%
go
67%
gone
67%
have
67%
hell
67%
hit
67%
I'll
67%
I'm
67%
in
67%
know
67%
let's
67%
lights,
67%
looking
67%
mind
67%
my
67%
need
67%
night,
67%
of
67%
oh
67%
Oh
67%
old
67%
out
67%
phone's
67%
please
67%
red
67%
Ripping
67%
Running
67%
say
67%
She
67%
Sipping
67%
Slipping
67%
soles
67%
spray
67%
still
67%
tan,
67%
that
67%
throttle
67%
through
67%
time
67%
Tinted
67%
to
67%
with
67%
you'll
67%
your
67%
at
33%
be
33%
bed
33%
bottles
33%
calling
33%
coast
33%
Devil
33%
fated
33%
got
33%
gray
33%
keeps
33%
line
33%
mine
33%
posts,
33%
pulled
33%
shaking
33%
trigger
33%
Vans,
33%
west
33%
worth
33%
X O
33%
you're
33%
No matching quizzes found
Score Distribution
Percent of People with Each Score
Percentile by Number Answered
Your Score History
You have not taken this quiz